000 00586cam a22001814a 4500
005 20250605164353.0
008 250528s ||||||||||||||||||||||||d
035 _a24155
040 _aGR-AtMCL
_bgre
_dGR-AtMCL
_eAACR2
245 1 _aThe Future of Smart Devices: Contextual Awareness
260 _bEe Times Europe,
_c2019
300 _a67
520 _aSilicon Root of Trust Goes Open Source, Boards and Solutions + ECE Insert: Radar and MEMS and VCSELs and PMICs, Special Report: Big Data.
700 1 _aOjo Bojaji
_99415
942 _cCR
999 _c9052
_d9052